000 00456nam a22001577a 4500
999 _c524657
_d524657
003 NUST
038 _aMr. Zahoor
082 _a621.3
100 _aKanwal Naveed
_915459
245 _aADAPTIVE TRAJECTORY TRACKING AND PATH FOLLOWING OF WHEELED MOBILE ROBOT /
_cKanwal Naveed
260 _aIslamabad :
_bCEME ,
_c2013.
300 _axi, 65 p. : ill, ; 30 cm.
500 _aHardcover.
600 _2Electrical Engineering MS - Thesis
942 _2ddc
_cTHE